| 000 | 00432nam a2200181Ia 4500 | ||
|---|---|---|---|
| 001 | 1825 | ||
| 005 | 20260306143757.0 | ||
| 008 | 260306t2021||||xx |||||||||||||| ||spa|| | ||
| 041 | _aESP | ||
| 082 |
_a155.6 _bD48 |
||
| 100 |
_aDel Castillo Drago, Humberto _eAUT |
||
| 245 | 0 | _aLlamados a la reconciliación | |
| 260 | _c2021 | ||
| 300 |
_a141 páginas : _c20 cm. |
||
| 650 | _aGEN | ||
| 654 | _aCED | ||
| 942 |
_cLIB _dJUS _fJUS _2ddc _n |
||
| 999 |
_c1825 _d1825 |
||